000
00288nam a22001217a 4500
008
240118b |||||||| |||| 00| 0 eng d
100
_a
Bare Act EBC
245
_a
Employees State Insurance Act 1948
250
_a
43rd
260
_a
Lucknow
_b
EBC
_c
2023
300
_a
124
942
_2
ddc
_c
BK
999
_c
20407
_d
20407